[Event "Druzynowe Mistrzostwa Polski Kobiet w Szachach Blyskawicznych"]
[Site "Szczawno-Zdroj"]
[Date "1899-12-30"]
[Round "9.3"]
[White "Wikar, Martyna"]
[Black "Owczarek, Monika"]
[Result "1/2-1/2"]
[WhiteTitle "I++"]
[BlackTitle "I"]
[WhiteElo "1846"]
[BlackElo "1342"]

1. e4 e6 2. d3 d5 3. Nd2 Ne7 4. Ngf3 dxe4 5. dxe4 Nbc6 6. c3 Ng6 7. Qc2 Bc5 8.
g3 Nge5 9. Nxe5 Nxe5 10. Be2 O-O 11. O-O b6 12. Kg2 Bb7 13. f4 Ng6 14. b4 Be3
15. Bf3 Bxd2 16. Bxd2 Qd7 17. Rad1 Rfd8 18. Be3 Qe8 19. h4 Rxd1 20. Rxd1 Rd8 21.
h5 Ne7 22. c4 h6 23. a3 f5 24. Rxd8 Qxd8 25. e5 Bxf3+ 26. Kxf3 Nc6 27. Kf2 Kf7
28. c5 Ne7 29. cxb6 cxb6 30. Qb3 Qd5 31. Qxd5 Nxd5 32. Bd2 Ke7 33. Ke2 Kd7 34.
Kd3 a6 35. a4 Kc6 36. Kc4 b5+ 37. axb5+ axb5+ 38. Kd4 Ne7 39. Be1 g6 40. hxg6
Nxg6 41. Bd2 h5 42. Be1 Ne7 43. Bf2 Nd5 44. Be1 Nb6 45. Bf2 1/2-1/2

[Event "Druzynowe Mistrzostwa Polski Kobiet w Szachach Blyskawicznych"]
[Site "Szczawno-Zdroj"]
[Date "1899-12-30"]
[Round "9.4"]
[White "Plichta, Olga"]
[Black "Swiech, Joanna"]
[Result "0-1"]
[WhiteTitle "II"]
[BlackTitle "k"]
[WhiteElo "1302"]
[BlackElo "1679"]

1. e4 e5 2. Nc3 Nc6 3. Bc4 Be7 4. d3 Nf6 5. f4 d6 6. Nf3 O-O 7. f5 Na5 8. Bb3 Nxb3
9. axb3 Re8 10. O-O h6 11. Qe1 c6 12. Qg3 Kh8 13. Bd2 Nh7 14. Be3 b6 15. Na4 Bb7
16. Nd2 Bf6 17. Ra2 d5 18. Rfa1 d4 19. Bf2 Qe7 20. c3 b5 21. Nc5 Qxc5 22. cxd4
exd4 23. Nf3 a6 24. Re1 Ng5 25. Raa1 Nxf3+ 26. Qxf3 Be5 27. Rac1 Qd6 28. h3 c5
29. Rc2 Rac8 30. Rec1 Rc6 31. Qe2 Bf4 32. Rd1 Rec8 33. Qe1 Be5 34. Rdc1 c4 35.
bxc4 bxc4 36. dxc4 Bf4 37. Rd1 Rxc4 38. Rxc4 Rxc4 39. b3 Rc6 40. Rxd4 Qc7 41.
Qd1 Bg5 42. h4 Bf6 43. Rd3 a5 44. Bg3 Qe7 45. Qe1 Qe8 46. e5 Bd8 47. Qd2 Bb6+
48. Kh2 Rc8 49. f6 Kh7 50. fxg7 Qg8 51. Qf4 Qxg7 52. Qe4+ Bxe4 53. Rd1 Bg6 54.
Ra1 Re8 55. Ra4 Bc7 56. Ra1 Bxe5 57. Bxe5 Qxe5+ 58. g3 Qxa1 0-1

[Event "Druzynowe Mistrzostwa Polski Kobiet w Szachach Blyskawicznych"]
[Site "Szczawno-Zdroj"]
[Date "1899-12-30"]
[Round "9.5"]
[White "Andrejczuk, Beata"]
[Black "Krzyzosiak, Anna"]
[Result "0-1"]
[WhiteTitle "WFM"]
[BlackTitle "I++"]
[WhiteElo "1905"]
[BlackElo "1523"]

1. e4 e5 2. Nf3 Nc6 3. Bc4 Nf6 4. Ng5 d5 5. exd5 Na5 6. Bb5+ c6 7. dxc6 bxc6 8.
Be2 h6 9. Nf3 e4 10. Ne5 Bc5 11. c3 Qc7 12. d4 exd3 13. Nxd3 Bb6 14. O-O O-O 15.
Bf4 Qe7 16. Nd2 Re8 17. Bf3 Bf5 18. Ne5 Rac8 19. b4 Nb7 20. Nxc6 Qd7 21. Ne5 Qc7
22. Ndc4 Rcd8 23. Qa4 Bd7 24. Nxd7 Qxd7 25. Bc6 Qe6 26. Nxb6 axb6 27. Bxb7 Qc4
28. Bc6 Re6 29. b5 Qxa4 30. Bc7 Rc8 31. Bxb6 Rcxc6 32. bxc6 Rxc6 33. Bd4 Nd5 34.
Rfe1 Nxc3 35. Re8+ Kh7 36. Rae1 Nd5 37. R8e4 Rc4 38. a3 Rxd4 39. Re8 Qxe8 40.
Re4 Rxe4 0-1

[Event "Druzynowe Mistrzostwa Polski Kobiet w Szachach Blyskawicznych"]
[Site "Szczawno-Zdroj"]
[Date "1899-12-30"]
[Round "9.6"]
[White "Krzyzosiak, Marta"]
[Black "Andrzejewska, Anna"]
[Result "0-1"]
[WhiteTitle "I+"]
[BlackTitle "k"]
[WhiteElo "1432"]
[BlackElo "1796"]

1. e4 e5 2. Nf3 Nc6 3. Bc4 Bc5 4. O-O Nf6 5. d3 d6 6. c3 h6 7. b4 Bb6 8. a4 a6
9. a5 Ba7 10. h3 O-O 11. Be3 Bxe3 12. fxe3 d5 13. exd5 Nxd5 14. Bxd5 Qxd5 15.
e4 Qd6 16. Na3 Be6 17. Qe2 Rad8 18. Rad1 f6 19. Kh1 Nxa5 20. Nc4 Nxc4 21. dxc4
Qc6 22. c5 Bb3 23. Rxd8 Rxd8 24. Nh4 Be6 25. Ng6 Qd7 26. Qf3 Bf7 27. Nh4 Qd3 28.
Nf5 Qxf3 29. Rxf3 Kf8 30. Kh2 Bc4 31. Rf2 Rd3 32. Rc2 Kf7 33. Ng3 g6 34. Rc1 h5
35. Nf1 Ke6 36. Ng3 h4 37. Nf1 f5 38. exf5+ gxf5 39. Kg1 e4 40. Rc2 Ke5 41. Rc1
f4 42. Rc2 Rd1 43. Kf2 e3+ 44. Kg1 Rxf1+ 0-1

[Event "Druzynowe Mistrzostwa Polski Kobiet w Szachach Blyskawicznych"]
[Site "Szczawno-Zdroj"]
[Date "1899-12-30"]
[Round "10.1"]
[White "Majdan, Joanna"]
[Black "Parol, Pola"]
[Result "1-0"]
[WhiteTitle "WGM"]
[BlackTitle "WFM"]
[WhiteElo "2294"]
[BlackElo "1723"]

1. e4 c5 2. Nc3 Nc6 3. Bb5 d6 4. d4 cxd4 5. Qxd4 a6 6. Bxc6+ bxc6 7. Nf3 e5 8.
Qd3 Nf6 9. h3 Be7 10. Be3 O-O 11. O-O h6 12. Rad1 Be6 13. b3 Qc7 14. Rfe1 Rad8
15. Qxa6 Ra8 16. Qb6 Qc8 17. Bc1 Nd7 18. Qe3 f5 19. exf5 Bxf5 20. Qe2 Qc7 21.
a4 Bf6 22. Ne4 Be7 23. Ng3 Bh7 24. Ba3 c5 25. Nd2 Bxc2 26. Qc4+ d5 27. Qxc2 Qb6
28. Nf5 Bg5 29. Nf3 e4 30. Nxg5 Rxf5 31. Nxe4 dxe4 32. Rxd7 Raf8 33. Qc4+ Kh8
34. Bb2 Qg6 35. Re2 Rg8 36. a5 Rg5 37. Qxe4 Qa6 38. Qe6 Rg6 39. Qxa6 Rxa6 40.
Ree7 Rg6 41. a6 Ra8 42. Rxg7 Rxg7 43. Rxg7 Rxa6 44. Rg6+ 1-0

[Event "Druzynowe Mistrzostwa Polski Kobiet w Szachach Blyskawicznych"]
[Site "Szczawno-Zdroj"]
[Date "1899-12-30"]
[Round "10.2"]
[White "Rykala, Monika"]
[Black "Korosciel, Aneta"]
[Result "1/2-1/2"]
[WhiteTitle "I++"]
[BlackTitle "m"]
[WhiteElo "1756"]
[BlackElo "1852"]

1. d4 Nf6 2. e3 e6 3. b3 d5 4. Bb2 Be7 5. Nf3 O-O 6. Bd3 c6 7. Nbd2 b6 8. Qe2 Bb7
9. O-O h6 10. Ne5 Nbd7 11. f4 c5 12. Rac1 Rc8 13. Rfd1 Qc7 14. c4 dxc4 15. Ndxc4
Qb8 16. Nxd7 Nxd7 17. Ne5 Nxe5 18. dxe5 Qa8 19. Bb1 Rfd8 20. Qc2 g6 21. Rxd8+
Rxd8 22. Rd1 Kg7 23. Rxd8 Qxd8 24. Qd3 Qxd3 25. Bxd3 Bd8 26. Kf2 1/2-1/2

[Event "Druzynowe Mistrzostwa Polski Kobiet w Szachach Blyskawicznych"]
[Site "Szczawno-Zdroj"]
[Date "1899-12-30"]
[Round "10.3"]
[White "Karykowska, Anna"]
[Black "Pawicka, Magdalena"]
[Result "0-1"]
[WhiteTitle "k"]
[BlackTitle "I"]
[WhiteElo "1651"]
[BlackElo "1521"]

1. e4 e5 2. Nf3 Nc6 3. Bc4 Bc5 4. c3 Nf6 5. d4 exd4 6. e5 d5 7. Bb5 Ne4 8. cxd4
Bb6 9. h3 Bd7 10. O-O O-O 11. Nc3 Nxc3 12. bxc3 Ne7 13. Bd3 Bf5 14. Bxf5 Nxf5
15. Qd3 Qd7 16. a4 a6 17. a5 Ba7 18. Ba3 Rfe8 19. Rab1 Rab8 20. Rfe1 Qe6 21. Nd2
Qg6 22. g4 Ne7 23. Qf3 h5 24. Qg2 hxg4 25. hxg4 Qh6 26. Nb3 Ng6 27. Qxd5 Nf4 28.
Qh1 Qg5 29. Qf3 Re6 30. Re4 Ng6 31. Qf5 Qh4 32. Qh5 Qxh5 33. gxh5 Ne7 34. d5 Nxd5
35. Nd4 Bxd4 36. cxd4 Nc3 37. d5 Ree8 38. Rbe1 Nxe4 39. Rxe4 Rbd8 40. d6 cxd6
41. Bb2 dxe5 42. Rxe5 Rxe5 43. Bxe5 Rd5 44. Bc7 Rc5 45. Bb6 Rb5 46. Bc7 Kh7 47.
Kg2 Rxh5 48. f4 Rb5 49. Kf3 Kg6 50. Ke4 Kf6 51. Kd4 Kf5 52. Kc4 g5 53. fxg5 Kxg5
54. Kd4 f5 55. Ke3 Rb3+ 56. Kf2 f4 57. Bd8+ Kg4 58. Bc7 Rb2+ 59. Ke1 f3 60. Kf1
Kf5 61. Ke1 Ke4 62. Bd6 f2+ 63. Kf1 Kf3 0-1

[Event "Druzynowe Mistrzostwa Polski Kobiet w Szachach Blyskawicznych"]
[Site "Szczawno-Zdroj"]
[Date "1899-12-30"]
[Round "10.4"]
[White "Smietanska, Wiktoria"]
[Black "Lascar, Maria Elena"]
[Result "0-1"]
[WhiteTitle "CM"]
[BlackTitle "I+"]
[WhiteElo "1324"]
[BlackElo "1576"]

1. d4 f5 2. c4 Nf6 3. Nc3 e6 4. Bg5 Be7 5. e3 d5 6. cxd5 exd5 7. Nf3 O-O 8. Bd3
c6 9. O-O Ne4 10. Bxe7 Qxe7 11. Ne5 Nd7 12. Nxd7 Bxd7 13. a3 Rae8 14. Qc2 Qg5
15. b4 Re6 16. Ne2 Rh6 17. Nf4 Qh4 18. h3 g5 19. Ne2 g4 20. Nf4 gxh3 21. Nxh3
f4 22. Bxe4 Bxh3 23. gxh3 Qxh3 24. Rfe1 dxe4 25. Qxe4 Rg6+ 0-1

[Event "Druzynowe Mistrzostwa Polski Kobiet w Szachach Blyskawicznych"]
[Site "Szczawno-Zdroj"]
[Date "1899-12-30"]
[Round "10.5"]
[White "Zmarzly, Aleksandra"]
[Black "Kucharska, Honorata"]
[Result "1-0"]
[WhiteTitle "k+"]
[BlackTitle "WFM"]
[WhiteElo "1901"]
[BlackElo "1961"]

1. d4 Nf6 2. c4 d6 3. Nc3 Nbd7 4. e4 e5 5. d5 Nc5 6. f3 a5 7. Nge2 Be7 8. Be3 O-O
9. g4 Ne8 10. Ng3 g6 11. Be2 Ng7 12. Qd2 Kh8 13. O-O-O f5 14. gxf5 gxf5 15. exf5
Nxf5 16. Nxf5 Bxf5 17. Rdg1 Bf6 18. Rg3 Bg6 19. Rhg1 Qe8 20. Rg4 Bg7 21. h4 Bf6
22. Bh6 Qe7 23. Bxf8 Rxf8 24. Qh6 Bg7 25. Qe3 Rf7 26. Ne4 Nxe4 27. fxe4 Qf8 28.
Qg3 Bh6+ 29. Kd1 Bf4 30. Qd3 Qh6 31. Bf3 Rf8 32. R1g2 Bh5 33. Rg7 Be3 34. Bxh5
Qxh5+ 35. Qe2 Qh6 36. Qg4 1-0

[Event "Druzynowe Mistrzostwa Polski Kobiet w Szachach Blyskawicznych"]
[Site "Szczawno-Zdroj"]
[Date "1899-12-30"]
[Round "10.6"]
[White "Cieslak, Wiktoria"]
[Black "Zdziarska-zareba, Lidia"]
[Result "1-0"]
[WhiteTitle "k++"]
[BlackTitle "k+"]
[WhiteElo "1823"]
[BlackElo "1745"]

1. e4 c5 2. Nf3 e6 3. d4 cxd4 4. Nxd4 Nf6 5. Nc3 Nc6 6. Nxc6 bxc6 7. e5 Nd5 8.
Ne4 Qc7 9. f4 Be7 10. c4 Nb4 11. a3 Na6 12. Be2 O-O 13. O-O c5 14. Be3 Bb7 15.
Bf3 Rfd8 16. Qd3 Rab8 17. Qc2 d5 18. exd6 Bxd6 19. Nxd6 Qxd6 20. Rad1 Qc7 21.
Bxb7 Qxb7 22. Rxd8+ Rxd8 23. Rd1 Qc7 24. Rxd8+ Qxd8 25. Qa4 Qc8 26. h3 h6 27.
Qb5 Kh7 28. b4 cxb4 29. axb4 Nc7 30. Qc6 Qb8 31. b5 Ne8 32. c5 Qd8 33. Qe4+ g6
34. c6 Qd1+ 35. Kh2 Nf6 36. Qe5 Nd5 37. Bd4 f6 38. Qe4 Qc1 39. Bxa7 Nxf4 40. Bb8
Nd5 41. Qxe6 Nc3 42. Qxf6 Qd2 43. Qf7+ Kh8 44. Be5# Kh7 1-0

[Event "Druzynowe Mistrzostwa Polski Kobiet w Szachach Blyskawicznych"]
[Site "Szczawno-Zdroj"]
[Date "1899-12-30"]
[Round "11.1"]
[White "Wikar, Martyna"]
[Black "Majdan, Joanna"]
[Result "0-1"]
[WhiteTitle "I++"]
[BlackTitle "WGM"]
[WhiteElo "1846"]
[BlackElo "2294"]

1. e4 c5 2. Nf3 Nc6 3. d3 g6 4. g3 Bg7 5. c3 e5 6. Bg2 Nge7 7. O-O O-O 8. Be3 b6
9. d4 cxd4 10. cxd4 Ba6 11. Re1 d6 12. Nc3 Rc8 13. Qa4 Bb7 14. Rad1 Qc7 15. Nb5
Qb8 16. d5 Na5 17. b4 Nc4 18. Nxa7 Nb2 19. Qd7 Rc7 20. Qxd6 Nc4 21. Qxc7 Qxc7
22. Nb5 Qd7 23. a4 Nb2 24. Rc1 Nxa4 25. Rc7 Qxb5 26. Rxb7 Nc8 27. Bd2 0-1

[Event "Druzynowe Mistrzostwa Polski Kobiet w Szachach Blyskawicznych"]
[Site "Szczawno-Zdroj"]
[Date "1899-12-30"]
[Round "11.2"]
[White "Korosciel, Aneta"]
[Black "Swiech, Joanna"]
[Result "1/2-1/2"]
[WhiteTitle "m"]
[BlackTitle "k"]
[WhiteElo "1852"]
[BlackElo "1679"]

1. e4 e5 2. Nf3 Nc6 3. Bb5 a6 4. Bxc6 dxc6 5. Nc3 f6 6. d4 exd4 7. Qxd4 Qxd4 8.
Nxd4 Bd6 9. Be3 Ne7 10. O-O-O O-O 11. f3 Ng6 12. Nde2 Be6 13. a3 Bf7 14. g3 Rae8
15. Rhe1 Be6 16. Nd4 Bc8 17. Nb3 Ne5 18. f4 Ng4 19. Bg1 Nh6 20. Bc5 Bxc5 21. Nxc5
Ng4 22. Re2 Nh6 23. Red2 b6 24. Nd3 Bg4 25. Re1 Nf7 26. Nf2 Bc8 27. Red1 Rd8 28.
Rxd8 Rxd8 29. Rxd8+ Nxd8 30. Kd2 Ne6 31. Ke3 Kf7 32. Nd3 Ke7 33. e5 Bb7 34. Ne4
f5 35. Nd2 g6 36. h3 h5 37. Nf2 c5 38. g4 hxg4 39. hxg4 Nd4 40. c3 Ne6 41. gxf5
gxf5 42. Nf1 Ng7 43. Ng3 Ke6 44. Nh3 Bc6 45. Ng5+ Ke7 46. Nf3 Bxf3 47. Kxf3 Ke6
48. Ke3 Ke7 49. Ne2 Ke6 50. Ng3 Ke7 51. Ne2 1/2-1/2

[Event "Druzynowe Mistrzostwa Polski Kobiet w Szachach Blyskawicznych"]
[Site "Szczawno-Zdroj"]
[Date "1899-12-30"]
[Round "11.3"]
[White "Andrejczuk, Beata"]
[Black "Cagara, Paulina"]
[Result "0-1"]
[WhiteTitle "WFM"]
[BlackTitle "m"]
[WhiteElo "1905"]
[BlackElo "1971"]

1. e4 d5 2. exd5 Qxd5 3. Nc3 Qa5 4. d4 c6 5. Nf3 Nf6 6. Bd2 Qc7 7. Ne5 Nbd7 8.
Bf4 Qa5 9. Nc4 Qf5 10. Qd2 Ne4 11. Nxe4 Qxe4+ 12. Be2 Qxg2 13. O-O-O Nb6 14. Bg3
Qd5 15. Qc3 Be6 16. b3 g6 17. Ne5 Bh6+ 18. Kb1 O-O 19. h4 Na4 20. Qb4 b5 21. Bf3
Qd6 22. Qxd6 exd6 23. Nxc6 Nc3+ 24. Kb2 Nxd1+ 25. Rxd1 Rfe8 26. Bxd6 Bg7 27. Ne7+
Kh8 28. Bxa8 Rxa8 29. Nc6 a5 30. c3 a4 31. d5 Bg4 32. Re1 Bf3 33. Nb4 a3+ 34.
Kc2 Rc8 35. Be5 f6 36. Bd4 h5 37. Re3 Bg4 38. Re7 Bf5+ 39. Kd2 Bf8 40. Bxf6+ Kg8
41. Rb7 Bxb4 42. cxb4 Rc2+ 43. Ke3 Rxa2 44. Rxb5 Rc2 45. d6 a2 46. Ra5 Rc8 47.
Kf4 Bb1 48. d7 Rf8 49. Ke5 Bf5 50. Ra7 Bxd7 0-1

[Event "Druzynowe Mistrzostwa Polski Kobiet w Szachach Blyskawicznych"]
[Site "Szczawno-Zdroj"]
[Date "1899-12-30"]
[Round "11.4"]
[White "Dmochowska, Agnieszka"]
[Black "Andrzejewska, Anna"]
[Result "0-1"]
[WhiteTitle "WCM"]
[BlackTitle "k"]
[WhiteElo "1857"]
[BlackElo "1796"]

1. e4 c5 2. Nf3 d6 3. d4 cxd4 4. Nxd4 Nf6 5. Nc3 Nc6 6. Bg5 e6 7. f3 Be7 8. Qd2
a6 9. O-O-O O-O 10. g4 Bd7 11. h4 b5 12. Nxc6 Bxc6 13. Bd3 Qa5 14. Kb1 b4 15.
Ne2 Bb5 16. Nd4 Rfc8 17. Be3 Bxd3 18. cxd3 Nd7 19. h5 Nc5 20. g5 Qa4 21. g6 b3
22. gxf7+ Kxf7 23. a3 Qd7 24. Bg5 Bf6 25. Bxf6 gxf6 26. Qh6 Rg8 27. Qxh7+ Rg7
28. Qh6 Rag8 29. Qe3 Rg2 30. Rd2 Qa4 31. Rxg2 Rxg2 32. h6 Kg8 33. Rg1 Rxg1+ 0-1

[Event "Druzynowe Mistrzostwa Polski Kobiet w Szachach Blyskawicznych"]
[Site "Szczawno-Zdroj"]
[Date "1899-12-30"]
[Round "11.5"]
[White "Jedrzejko, Martyna"]
[Black "Owczarek, Monika"]
[Result "0-1"]
[WhiteTitle "I"]
[BlackTitle "I"]
[WhiteElo "1320"]
[BlackElo "1342"]

1. e4 e6 2. d4 d5 3. exd5 exd5 4. Bd3 Nc6 5. c3 Bd6 6. Nf3 Nge7 7. O-O Bf5 8. Bxf5
Nxf5 9. Re1+ Nfe7 10. Bg5 O-O 11. Nbd2 h6 12. Bxe7 Nxe7 13. Ne5 Re8 14. Ndf3 Nc6
15. Nxc6 bxc6 16. Qc2 Qd7 17. Rad1 Rxe1+ 18. Rxe1 c5 19. Ne5 Bxe5 20. Rxe5 cxd4
21. cxd4 c6 22. Qc5 Rb8 23. Qc3 f6 24. Re2 a6 25. h3 Kf7 26. Qd3 a5 27. Qc3 Qc7
28. Rc2 Re8 29. Qxc6 Re1# 0-1

[Event "Druzynowe Mistrzostwa Polski Kobiet w Szachach Blyskawicznych"]
[Site "Szczawno-Zdroj"]
[Date "1899-12-30"]
[Round "11.6"]
[White "Plichta, Olga"]
[Black "Janikowska, Wiktoria"]
[Result "1-0"]
[WhiteTitle "II"]
[BlackTitle "I"]
[WhiteElo "1302"]
[BlackElo "1266"]

1. e4 c5 2. Nc3 Nc6 3. f4 e6 4. Nf3 Nge7 5. d3 d5 6. exd5 Nxd5 7. Nxd5 exd5 8.
g3 Bg4 9. Bg2 Qe7+ 10. Qe2 Qxe2+ 11. Kxe2 Nd4+ 12. Kf2 Bxf3 13. Bxf3 Nxf3 14.
Kxf3 O-O-O 15. Re1 Bd6 16. Bd2 Rhe8 17. c4 dxc4 18. dxc4 Bc7 19. Bc3 f6 20. Rxe8
Rxe8 21. Rd1 Rd8 22. Re1 b6 23. Re7 Rd7 24. Re2 Bd6 25. a3 Kc7 26. b4 cxb4 27.
axb4 Kc6 28. Bd2 Re7 29. Rf2 a6 30. Bc3 Kc7 31. Rd2 Rd7 32. c5 bxc5 33. bxc5 Bxc5
34. Rc2 Kb6 35. Rb2+ Kc6 36. Ra2 Rd3+ 37. Ke4 Rxc3 38. Rxa6+ Kb5 39. Ra8 Re3+
40. Kf5 Bd4 41. Rg8 g6+ 42. Kg4 Re2 43. h4 Bf2 44. Rg7 h5+ 45. Kf3 Rc2 46. Rxg6
Be1 47. Rxf6 Rc3+ 48. Ke2 Bxg3 49. Rf5+ Rc5 50. Rf6 Bxh4 51. Rh6 Bg3 52. Kf3 Bh2
53. Rh7 Bg1 54. Kg2 Bd4 55. Kf3 Kc4 56. Ke4 Bc3 57. f5 Re5+ 58. Kf4 Kd4 59. Rxh5
Kd3 60. Rh3+ Kd4 61. Kg5 Bd2+ 62. Kg6 Ke4 63. f6 Rg5+ 64. Kf7 Ke5 65. Rh2 Rf5
66. Re2+ Kf4 67. Rxd2 Kg5 68. Rd6 Kh6 69. Kf8 Kh7 70. f7 Re5 71. Rd7 Kg6 72. Re7
Rf5 73. Ke8 Kf6 74. f8=Q+ Kg6 75. Rg7+ Kh5 76. Qh8# 1-0